000 00605nam a2200241Ia 4500
003 OSt
005 20220918193022.0
006 a|||||r|||| 00| 0
007 ta
008 220917b |||||||| |||| 00| 0 eng d
024 _a71,523
037 _cTextual
040 _aARTS
_cARTS
_beng
041 _2eng
_aeng
082 _aR4, K3-;1
100 _aTillich Paul
_913486
245 0 _aMorality and beyond
260 _c1963
490 _aReligious perspectives ed by Ruth Nanda Anshen; 9
650 _aETHICS
942 _hR4, K3-;1
_cTEXL
_2CC
999 _c197596
_d197596